00432 2200157 4500001002100000005001500021008004100036020002200077035001900099082000800118090001700126100002000143245005500163260002800218300002800246INLIS00000000000899820241224113739241224||||||||| | ||| |||| ||  a978-602-9328-73-8 0010-12240089980 a720 a720.28 IDE s0 aIden Wildensyah00aSisi Lain Arsitektur, Teknik Sipil, dan Lingkungan aBandungbalfabetac2012 axii + 240 .; 16 x 24 cm